Normal view
MARC view
Entry Personal Name
001 - CONTROL NUMBER
- control field: 69942
003 - CONTROL NUMBER IDENTIFIER
- control field: dpl
005 - DATE AND TIME OF LATEST TRANSACTION
- control field: 20240813145305.0
008 - FIXED-LENGTH DATA ELEMENTS
- fixed length control field: 240813|| aca||aabn | a|a d
040 ## - CATALOGING SOURCE
- Original cataloging agency: dpl
- Transcribing agency: dpl
100 ## - HEADING--PERSONAL NAME
- Personal name: प्रसून सिंह
670 ## - SOURCE DATA FOUND
- Source citation: Work cat.: (dpl)205010: पुणढीर,रामकुमार सिंह 69941, श्रीमदभगवदगीता काव्य सुधा ( श्री गीताजी की पहली बार सरल -सरस चित्रमय व्याख्या) / , 2022
